युग भगीरथ : (Record no. 117705)

MARC details
000 -LEADER
fixed length control field 01114nam a22002657a 4500
005 - DATE AND TIME OF LATEST TRANSACTION
control field 20170124103100.0
010 ## - LIBRARY OF CONGRESS CONTROL NUMBER
LC control number B-195309
020 ## - INTERNATIONAL STANDARD BOOK NUMBER
Terms of availability 200.00
International Standard Book Number 8173155755
035 ## - SYSTEM CONTROL NUMBER
System control number B-195309
037 ## - SOURCE OF ACQUISITION
Source of stock number/acquisition Cen Lib/Ret
040 ## - CATALOGING SOURCE
Original cataloging agency DPL
Language of cataloging HN
082 ## - DEWEY DECIMAL CLASSIFICATION NUMBER
Classification number 921
Item number नरेश
100 ## - MAIN ENTRY--PERSONAL NAME
Personal name नरेश भारतीय
9 (RLIN) 76402
245 ## - TITLE STATEMENT
Title युग भगीरथ :
Statement of responsibility, etc नरेश भारतीय
Remainder of title श्री गुरूजी /
246 ## - VARYING FORM OF TITLE
Title proper/short title Yug bhagirath : Shri Guruji /
Remainder of title by Naresh Bhartiye
260 ## - PUBLICATION, DISTRIBUTION, ETC. (IMPRINT)
Place of publication, distribution, etc नई दिल्ली
Name of publisher, distributor, etc प्रभात प्रकाशन
Date of publication, distribution, etc 2006
270 ## - ADDRESS
City नई दिल्ली
Address 4/19, आसफ अली रोड
Postal code 110002
300 ## - PHYSICAL DESCRIPTION
Extent 206पृ.
Dimensions 22सेमी(सजिल्द)
500 ## - GENERAL NOTE
General note संदर्भ शामिल
650 ## - SUBJECT ADDED ENTRY--TOPICAL TERM
Topical term or geographic name as entry element हिन्दी साहित्य
9 (RLIN) 76403
650 ## - SUBJECT ADDED ENTRY--TOPICAL TERM
Topical term or geographic name as entry element हिन्दी -- जीवनी -- श्री गुरूजी
9 (RLIN) 76404
650 ## - SUBJECT ADDED ENTRY--TOPICAL TERM
Topical term or geographic name as entry element Hindi literature
9 (RLIN) 76405
650 ## - SUBJECT ADDED ENTRY--TOPICAL TERM
Topical term or geographic name as entry element Hindi -- Biography - Shri Guruji
9 (RLIN) 76406
942 ## - ADDED ENTRY ELEMENTS (KOHA)
Source of classification or shelving scheme Dewey Decimal Classification
Koha item type Hindi Books
Classification part 921
Call number suffix नरेश
Holdings
Withdrawn status Lost status Damaged status Not for loan Home library Current library Date acquired Source of acquisition Cost, normal purchase price Total Checkouts Full call number Barcode Date last seen Date checked out Copy number Cost, replacement price Price effective from Koha item type
        Central Library Central Library 08/09/2015 Cen Lib/Ret 200.00 1 921 नरेश B-195309 23/07/2024 03/07/2024 1 200.00 08/09/2015 Hindi Books

© Delhi Public Library
Hit Counter
free hit counter